Markets (Record no. 83125)
[ view plain ]
| 000 -LEADER | |
|---|---|
| fixed length control field | 01253cab a22002295a 4500 |
| 001 - CONTROL NUMBER | |
| control field | L152866 |
| 008 - FIXED-LENGTH DATA ELEMENTS--GENERAL INFORMATION | |
| fixed length control field | 110509e20110506xxk 000 0 eng d |
| 035 ## - SYSTEM CONTROL NUMBER | |
| System control number | (Sirsi) u152866 |
| 041 0# - LANGUAGE CODE | |
| Language code of text/sound track or separate title | eng |
| 100 1# - MAIN ENTRY--PERSONAL NAME | |
| Personal name | Watson, Stuart |
| 245 00 - TITLE STATEMENT | |
| Title | Markets |
| Remainder of title | Glos, Herefordshire, Worcs + Warks |
| 260 ## - PUBLICATION, DISTRIBUTION, ETC. | |
| Date of publication, distribution, etc. | 2011 |
| 490 #0 - SERIES STATEMENT | |
| Series statement | Property Week |
| Volume/sequential designation | 77(18) 6 May 2011, 39-42(4) |
| 520 ## - SUMMARY, ETC. | |
| Summary, etc. | Government pledges £17.85m funding to create 173 acre business park near Worcester. Stanhope presses ahead with new retail developments in Gloucester's Kings Quarter and Hereford's Old Livestock Market. Lack of suitable land is hampering the development potential for distribution occupiers along the Birmingham-Bristol M5 corridor. Rolls Royce takes 26 000 sq ft at Warwick Technology Park. Office market conditions in Cheltenham have become more challenging with 45 000 sq ft Ellenborough House the only new space available so far in 2011. Preferred developer for Hereford's Buttermarket designed by Austin-Smith Lord likely to be announced in June. |
| 590 ## - LOCAL NOTE (RLIN) | |
| Local note | KA |
| 651 #4 - SUBJECT ADDED ENTRY--GEOGRAPHIC NAME | |
| Geographic name | Gloucestershire |
| 651 #4 - SUBJECT ADDED ENTRY--GEOGRAPHIC NAME | |
| Geographic name | Worcestershire |
| 651 4# - SUBJECT ADDED ENTRY--GEOGRAPHIC NAME | |
| Geographic name | Herefordshire |
| 651 #4 - SUBJECT ADDED ENTRY--GEOGRAPHIC NAME | |
| Geographic name | Warwickshire |
| 690 ## - LOCAL SUBJECT ADDED ENTRY--TOPICAL TERM (OCLC, RLIN) | |
| Topical term or geographic name as entry element | PROPERTY-COMMERCIAL PROPERTY-COMMERCIAL PROPERTY MARKET |
| 942 ## - ADDED ENTRY ELEMENTS (KOHA) | |
| Suppress in OPAC | 0 |
| Withdrawn status | Lost status | Source of classification or shelving scheme | Damaged status | Not for loan | Home library | Current library | Shelving location | Date acquired | Total Checkouts | Full call number | Barcode | Date last seen | Copy number | Price effective from | Koha item type |
|---|---|---|---|---|---|---|---|---|---|---|---|---|---|---|---|
| Dewey Decimal Classification | London | London | Journal article | 09/05/2011 | L152866 | 152866-1001 | 06/08/2019 | 1 | 06/08/2019 | Journal article |